[Event "16th Spilimbergo Open 2018"]
[Site "Spilimbergo"]
[Date "2018.08.14"]
[Round "8.11"]
[White "Sonis, Francesco"]
[Black "Solomon, Kenny"]
[Result "1-0"]
[WhiteElo "2468"]
[BlackElo "2395"]
[Annotator "ChessBase"]
[PlyCount "107"]
[EventDate "2018.08.10"]
[EventType "swiss"]
[EventCountry "ITA"]
[SourceTitle "playchess.com"]
[Source "ChessBase"]
[SourceQuality "1"]
[TimeControl "5400+30"]

1. Nf3 {[%emt 0:00:30]} Nf6 {[%emt 0:00:30]} 2. c4 {[%emt 0:00:00]} b6 {[%emt 0:01:30]} 3. g3 {[%emt 0:00:00]} c5 {[%emt 0:00:30]} 4. Bg2 {[%emt 0:00:00]} Bb7 {[%emt 0:00:00]} 5. O-O {[%emt 0:00:00]} g6 {[%emt 0:00:00]} 6. Nc3 {[%emt 0:01:30]} Bg7 {[%emt 0:00:30]} 7. d4 {[%emt 0:00:30]} cxd4 {[%emt 0:00:00]} 8. Nxd4 {[%emt 0:00:00]} Bxg2 {[%emt 0:00:00]} 9. Kxg2 {[%emt 0:00:00]} Qc8 {[%emt 0:05:30]} 10. b3 {[%emt 0:00:00]} d5 {[%emt 0:09:30]} 11. Nxd5 {[%emt 0:00:00]} Nxd5 {[%emt 0:00:30]} 12. cxd5 {[%emt 0:00:30]} Qc5 {[%emt 0:00:30]} 13. Nf3 {[%emt 0:10:30]} Bxa1 {[%emt 0:01:30]} 14. Be3 {[%emt 0:00:30]} Qb5 {[%emt 0:03:30]} 15. Qxa1 {[%emt 0:00:00]} f6 {[%emt 0:00:30]} 16. Qd4 {[%emt 0:03:00]} Na6 {[%emt 0:12:30]} 17. Qe4 {[%emt 0:17:30]} Rd8 {[%emt 0:12:30]} 18. Rd1 {[%emt 0:00:30]} O-O {[%emt 0:09:30]} 19. Bh6 {[%emt 0:10:30]} Rf7 {[%emt 0:01:30]} 20. h4 {[%emt 0:00:30]} Nc7 {[%emt 0:13:30]} 21. h5 {[%emt 0:02:30]} g5 {[%emt 0:02:30]} 22. Qf5 {[%emt 0:26:30]} Qd7 {[%emt 0:06:41]} 23. Qc2 {[%emt 0:02:30]} Nxd5 {[%emt 0:08:34]} 24. Rd2 {[%emt 0:00:30]} Nf4+ {[%emt 0:07:48]} 25. Kg1 {[%emt 0:04:38]} Nxe2+ {[%emt 0:01:16]} 26. Kh2 {[%emt 0:01:55]} Qc8 {[%emt 0:00:49]} 27. Qxc8 {[%emt 0:01:18]} Rxc8 {[%emt 0:00:02]} 28. Rxe2 {[%emt 0:00:06]} e5 {[%emt 0:00:50]} 29. Ne1 {[%emt 0:01:00]} Rd7 {[%emt 0:01:23]} 30. f4 {[%emt 0:01:17]} exf4 {[%emt 0:00:08]} 31. gxf4 {[%emt 0:00:04]} gxf4 {[%emt 0:00:24]} 32. Bxf4 {[%emt 0:00:13]} Kf7 {[%emt 0:00:51]} 33. Ng2 {[%emt 0:00:38]} Rd5 {[%emt 0:00:35]} 34. h6 {[%emt 0:00:15]} Rh5+ {[%emt 0:00:06]} 35. Kg3 {[%emt 0:00:28]} Rg8+ {[%emt 0:00:40]} 36. Kf2 {[%emt 0:00:22]} Rf5 {[%emt 0:00:14]} 37. Kf3 {[%emt 0:00:04]} Rd5 {[%emt 0:00:20]} 38. Rc2 {[%emt 0:00:16]} Rd7 {[%emt 0:00:52]} 39. Ne3 {[%emt 0:00:19]} Rgd8 {[%emt 0:00:48]} 40. Rc6 {[%emt 0:01:52]} Re8 {[%emt 0:00:13]} 41. Kg4 {[%emt 0:02:18]} Re6 {[%emt 0:00:25]} 42. Rc2 {[%emt 0:00:25]} Kg6 {[%emt 0:00:30]} 43. Rg2 {[%emt 0:00:24]} Kf7 {[%emt 0:00:52]} 44. Kf5 {[%emt 0:00:18]} Ree7 {[%emt 0:00:33]} 45. Rg7+ {[%emt 0:00:46]} Kf8 {[%emt 0:00:02]} 46. Kxf6 {[%emt 0:00:50]} Rf7+ {[%emt 0:00:49]} 47. Rxf7+ {[%emt 0:00:06]} Rxf7+ {[%emt 0:00:02]} 48. Ke5 {[%emt 0:00:13]} Rd7 {[%emt 0:00:14]} 49. Nd5 {[%emt 0:00:20]} Kf7 {[%emt 0:00:05]} 50. Nf6 {[%emt 0:00:29]} Rd8 {[%emt 0:01:50]} 51. Kf5 {[%emt 0:01:29]} Rh8 {[%emt 0:00:33]} 52. Be5 {[%emt 0:00:03]} b5 {[%emt 0:00:15]} 53. b4 {[%emt 0:00:03]} a6 {[%emt 0:00:42]} 54. a3 {[%emt 0:00:02]} 1-0

[Event "16th Spilimbergo Open 2018"]
[Site "Spilimbergo"]
[Date "2018.08.14"]
[Round "8.13"]
[White "Aghayev, Miragha"]
[Black "Rahul Srivatshav P"]
[Result "1/2-1/2"]
[WhiteElo "2424"]
[BlackElo "2388"]
[Annotator "NA"]
[PlyCount "104"]
[EventDate "2018.08.10"]
[EventType "swiss"]
[EventCountry "ITA"]
[SourceTitle "playchess.com"]
[Source "ChessBase"]
[SourceQuality "1"]
[TimeControl "5400+30"]

1. d4 {[%emt 0:01:30]} Nf6 {[%emt 0:00:30]} 2. Nf3 {[%emt 0:00:30]} g6 {[%emt 0:00:00]} 3. g3 {[%emt 0:00:30]} Bg7 {[%emt 0:00:00]} 4. Bg2 {[%emt 0:00:00]} O-O {[%emt 0:00:30]} 5. O-O {[%emt 0:00:00]} d6 {[%emt 0:00:00]} 6. Nc3 {[%emt 0:00:00]} Nbd7 {[%emt 0:03:00]} 7. e4 {[%emt 0:00:00]} e5 {[%emt 0:00:00]} 8. Re1 {[%emt 0:00:30]} c6 {[%emt 0:05:00]} 9. a4 {[%emt 0:01:30]} a5 {[%emt 0:05:30]} 10. h3 {[%emt 0:00:00]} Re8 {[%emt 0:02:30]} 11. Be3 {[%emt 0:03:00]} b6 {[%emt 0:09:30]} 12. Qd2 {[%emt 0:01:30]} Ba6 {[%emt 0:02:30]} 13. Rad1 {[%emt 0:03:30]} Qc8 {[%emt 0:03:30]} 14. Bh6 {[%emt 0:06:30]} Qc7 {[%emt 0:09:30]} 15. b3 {[%emt 0:04:30]} Rad8 {[%emt 0:08:30]} 16. Bg5 {[%emt 0:00:30]} Rc8 {[%emt 0:02:30]} 17. Kh2 {[%emt 0:13:30]} Nf8 {[%emt 0:06:30]} 18. Kg1 {[%emt 0:10:30]} N8d7 {[%emt 0:00:30]} 19. Kh1 {[%emt 0:11:30]} Nf8 {[%emt 0:03:30]} 20. Kh2 {[%emt 0:01:30]} N8d7 {[%emt 0:01:30]} 21. Bh6 {[%emt 0:03:30]} Bb7 {[%emt 0:02:30]} 22. Bf1 {[%emt 0:00:30]} Bxh6 {[%emt 0:06:30]} 23. Qxh6 {[%emt 0:00:30]} d5 {[%emt 0:00:00]} 24. exd5 {[%emt 0:10:30]} e4 {[%emt 0:03:00]} 25. d6 {[%emt 0:00:30]} Qxd6 {[%emt 0:00:30]} 26. Ng5 {[%emt 0:00:30]} c5 {[%emt 0:05:30]} 27. Nb5 {[%emt 0:06:30]} Qe7 {[%emt 0:03:50]} 28. d5 {[%emt 0:03:00]} Ne5 {[%emt 0:02:44]} 29. Rxe4 {[%emt 0:05:03]} Qf8 {[%emt 0:00:18]} 30. Qxf8+ {[%emt 0:00:21]} Kxf8 {[%emt 0:00:04]} 31. Ree1 {[%emt 0:00:57]} h6 {[%emt 0:02:37]} 32. f4 {[%emt 0:00:27]} Neg4+ {[%emt 0:03:19]} 33. hxg4 {[%emt 0:00:06]} Nxg4+ {[%emt 0:00:43]} 34. Kg1 {[%emt 0:00:34]} hxg5 {[%emt 0:01:16]} 35. Bh3 {[%emt 0:01:57]} Rxe1+ {[%emt 0:03:25]} 36. Rxe1 {[%emt 0:00:15]} f5 {[%emt 0:00:01]} 37. Bxg4 {[%emt 0:00:51]} fxg4 {[%emt 0:00:07]} 38. Nd6 {[%emt 0:00:35]} Rd8 {[%emt 0:01:06]} 39. Nxb7 {[%emt 0:01:28]} Rd7 {[%emt 0:00:01]} 40. fxg5 {[%emt 0:01:29]} Rxb7 {[%emt 0:00:05]} 41. c4 {[%emt 0:00:10]} Re7 {[%emt 0:00:39]} 42. Rxe7 {[%emt 0:00:12]} Kxe7 {[%emt 0:00:09]} 43. Kf2 {[%emt 0:00:04]} Kd6 {[%emt 0:00:00]} 44. Ke2 {[%emt 0:00:37]} Ke5 {[%emt 0:00:05]} 45. Kd3 {[%emt 0:02:04]} Kf5 {[%emt 0:00:09]} 46. Kd2 {[%emt 0:01:29]} Ke5 {[%emt 0:00:05]} 47. Ke2 {[%emt 0:00:00]} Kf5 {[%emt 0:00:06]} 48. Kf2 {[%emt 0:00:09]} Ke5 {[%emt 0:00:07]} 49. Ke3 {[%emt 0:00:02]} Kf5 {[%emt 0:00:03]} 50. d6 {[%emt 0:00:06]} Ke6 {[%emt 0:00:03]} 51. Kf4 {[%emt 0:01:06]} Kxd6 {[%emt 0:00:03]} 52. Ke4 {[%emt 0:00:03]} Ke6 {[%emt 0:00:03]} 1/2-1/2

[Event "16th Spilimbergo Open 2018"]
[Site "Spilimbergo"]
[Date "2018.08.14"]
[Round "8.14"]
[White "Aleksic, Nenad"]
[Black "Altini, Nicola"]
[Result "1/2-1/2"]
[WhiteElo "2307"]
[BlackElo "2425"]
[Annotator "NA"]
[PlyCount "57"]
[EventDate "2018.08.10"]
[EventType "swiss"]
[EventCountry "ITA"]
[SourceTitle "playchess.com"]
[Source "ChessBase"]
[SourceQuality "1"]
[TimeControl "5400+30"]

1. e4 {[%emt 0:11:30]} e5 {[%emt 0:00:30]} 2. Nf3 {[%emt 0:00:30]} Nc6 {[%emt 0:00:00]} 3. Bc4 {[%emt 0:00:30]} Bc5 {[%emt 0:00:00]} 4. c3 {[%emt 0:00:30]} Nf6 {[%emt 0:00:00]} 5. d3 {[%emt 0:00:00]} d6 {[%emt 0:00:00]} 6. Nbd2 {[%emt 0:01:00]} a6 {[%emt 0:00:00]} 7. Bb3 {[%emt 0:00:30]} Ba7 {[%emt 0:00:00]} 8. h3 {[%emt 0:00:00]} O-O {[%emt 0:00:30]} 9. Nf1 {[%emt 0:00:00]} h6 {[%emt 0:03:30]} 10. Ng3 {[%emt 0:00:30]} d5 {[%emt 0:01:30]} 11. O-O {[%emt 0:11:30]} Re8 {[%emt 0:05:30]} 12. exd5 {[%emt 0:12:30]} Nxd5 {[%emt 0:00:30]} 13. Re1 {[%emt 0:00:30]} Be6 {[%emt 0:09:30]} 14. Bd2 {[%emt 0:28:30]} Qd6 {[%emt 0:16:30]} 15. Qe2 {[%emt 0:05:30]} Nf6 {[%emt 0:20:30]} 16. Ne4 {[%emt 0:04:30]} Nxe4 {[%emt 0:00:30]} 17. dxe4 {[%emt 0:00:00]} Ne7 {[%emt 0:01:30]} 18. Rad1 {[%emt 0:00:00]} Bxb3 {[%emt 0:00:30]} 19. axb3 {[%emt 0:03:18]} Qe6 {[%emt 0:05:30]} 20. b4 {[%emt 0:00:20]} Ng6 {[%emt 0:00:30]} 21. Bc1 {[%emt 0:04:31]} Rad8 {[%emt 0:01:30]} 22. Rd3 {[%emt 0:02:14]} Qf6 {[%emt 0:01:30]} 23. Red1 {[%emt 0:00:57]} Rxd3 {[%emt 0:07:30]} 24. Rxd3 {[%emt 0:00:02]} Rd8 {[%emt 0:00:30]} 25. g3 {[%emt 0:01:09]} Rd6 {[%emt 0:01:30]} 26. Kg2 {[%emt 0:01:54]} Qe6 {[%emt 0:02:30]} 27. Rxd6 {[%emt 0:01:42]} Qxd6 {[%emt 0:01:30]} 28. h4 {[%emt 0:01:02]} Ne7 {[%emt 0:03:19]} 29. Be3 {[%emt 0:00:00]} 1/2-1/2

[Event "16th Spilimbergo Open 2018"]
[Site "Spilimbergo"]
[Date "2018.08.14"]
[Round "8.15"]
[White "Collutiis, Duilio"]
[Black "Vezzosi, Paolo"]
[Result "1/2-1/2"]
[WhiteElo "2415"]
[BlackElo "2301"]
[Annotator "NA"]
[PlyCount "55"]
[EventDate "2018.08.10"]
[EventType "swiss"]
[EventCountry "ITA"]
[SourceTitle "playchess.com"]
[Source "ChessBase"]
[SourceQuality "1"]
[TimeControl "5400+30"]

1. c4 {[%emt 0:00:30]} c5 {[%emt 0:00:30]} 2. Nf3 {[%emt 0:00:30]} Nc6 {[%emt 0:00:30]} 3. d4 {[%emt 0:00:30]} cxd4 {[%emt 0:00:30]} 4. Nxd4 {[%emt 0:00:30]} Nf6 {[%emt 0:01:30]} 5. Nc3 {[%emt 0:00:30]} g6 {[%emt 0:00:30]} 6. e4 {[%emt 0:00:30]} d6 {[%emt 0:00:30]} 7. Be2 {[%emt 0:01:30]} Bg7 {[%emt 0:00:30]} 8. Be3 {[%emt 0:01:30]} Bd7 {[%emt 0:01:30]} 9. O-O {[%emt 0:00:30]} O-O {[%emt 0:00:00]} 10. Qd2 {[%emt 0:04:30]} a5 {[%emt 0:01:00]} 11. f3 {[%emt 0:00:30]} Nxd4 {[%emt 0:03:30]} 12. Bxd4 {[%emt 0:00:30]} Bc6 {[%emt 0:00:30]} 13. b3 {[%emt 0:03:30]} Nd7 {[%emt 0:02:30]} 14. Be3 {[%emt 0:00:30]} Nc5 {[%emt 0:05:30]} 15. Rab1 {[%emt 0:05:30]} f5 {[%emt 0:05:30]} 16. exf5 {[%emt 0:00:00]} gxf5 {[%emt 0:00:30]} 17. Nd5 {[%emt 0:00:00]} Bxd5 {[%emt 0:03:30]} 18. Qxd5+ {[%emt 0:04:30]} e6 {[%emt 0:00:30]} 19. Qd2 {[%emt 0:00:30]} Qc7 {[%emt 0:04:30]} 20. Qd5 {[%emt 0:16:30]} Qd8 {[%emt 0:00:30]} 21. Qd2 {[%emt 0:00:30]} Qc7 {[%emt 0:00:30]} 22. Kh1 {[%emt 0:00:00]} Rad8 {[%emt 0:02:30]} 23. Qc2 {[%emt 0:03:00]} f4 {[%emt 0:01:30]} 24. Bg1 {[%emt 0:00:30]} Be5 {[%emt 0:01:30]} 25. a3 {[%emt 0:03:30]} Ra8 {[%emt 0:00:30]} 26. Rbd1 {[%emt 0:03:30]} Qg7 {[%emt 0:00:30]} 27. Bd3 {[%emt 0:01:30]} Rac8 {[%emt 0:04:30]} 28. Rfe1 {[%emt 0:01:30]} 1/2-1/2

[Event "16th Spilimbergo Open 2018"]
[Site "Spilimbergo"]
[Date "2018.08.14"]
[Round "8.16"]
[White "Della Pietra, Andrea"]
[Black "Beletic, Daniel"]
[Result "1/2-1/2"]
[WhiteElo "2212"]
[BlackElo "2374"]
[Annotator "NA"]
[PlyCount "29"]
[EventDate "2018.08.10"]
[EventType "swiss"]
[EventCountry "ITA"]
[SourceTitle "playchess.com"]
[Source "ChessBase"]
[SourceQuality "1"]
[TimeControl "5400+30"]

1. d4 {[%emt 0:00:30]} d6 {[%emt 0:02:30]} 2. c4 {[%emt 0:00:30]} e5 {[%emt 0:01:30]} 3. d5 {[%emt 0:00:30]} f5 {[%emt 0:00:30]} 4. e4 {[%emt 0:00:00]} fxe4 {[%emt 0:00:30]} 5. Nc3 {[%emt 0:00:00]} Nf6 {[%emt 0:00:30]} 6. Nge2 {[%emt 0:00:30]} Bf5 {[%emt 0:00:00]} 7. Ng3 {[%emt 0:00:30]} Bg6 {[%emt 0:00:00]} 8. Bg5 {[%emt 0:01:30]} Be7 {[%emt 0:04:30]} 9. Bxf6 {[%emt 0:00:00]} Bxf6 {[%emt 0:02:30]} 10. Ngxe4 {[%emt 0:01:00]} O-O {[%emt 0:00:30]} 11. Bd3 {[%emt 0:01:30]} Nd7 {[%emt 0:02:30]} 12. Qc2 {[%emt 0:07:30]} Bg5 {[%emt 0:03:30]} 13. h4 {[%emt 0:17:30]} Bh6 {[%emt 0:04:30]} 14. g4 {[%emt 0:15:30]} Bf4 {[%emt 0:04:30]} 15. h5 {[%emt 0:03:30]} 1/2-1/2

[Event "16th Spilimbergo Open 2018"]
[Site "Spilimbergo"]
[Date "2018.08.15"]
[Round "9.1"]
[White "Morozov, Nichita"]
[Black "Dreev, Aleksey"]
[Result "1/2-1/2"]
[WhiteElo "2438"]
[BlackElo "2635"]
[Annotator "TA"]
[PlyCount "40"]
[EventDate "2018.08.10"]
[EventType "swiss"]
[EventCountry "ITA"]
[SourceTitle "playchess.com"]
[Source "ChessBase"]
[SourceQuality "1"]

{[%evp 26,29,0,-6,37,39]} 1. e4 c6 2. d4 d5 3. Nc3 dxe4 4. Nxe4 Bf5 5. Ng3 Bg6 6. Nh3 Nf6 7. Nf4 e5 8. Nxg6 hxg6 9. dxe5 Qa5+ 10. Bd2 Qxe5+ 11. Qe2 Nbd7 12. Qxe5+ {B18: Caro-Kann (Hauptvariante)} Nxe5 13. f4 Ned7 14. O-O-O {LiveBook: 11 Partien} O-O-O 15. Bc4 {[#]} {Vorgänger:} Ng4 $146 16. Rde1 Nh6 17. Ne4 Nb6 18. Bb3 Nd5 19. Nc3 Ng4 20. Nxd5 cxd5 {0-1 (29) Petrosyan,T (2426)-Bernadskiy,V (2558) St Petersburg 2014} 1/2-1/2

[Event "16th Spilimbergo Open 2018"]
[Site "Spilimbergo"]
[Date "2018.08.15"]
[Round "9.2"]
[White "Basso, Pier Luigi"]
[Black "Bosiocic, Marin"]
[Result "1/2-1/2"]
[WhiteElo "2494"]
[BlackElo "2590"]
[Annotator "TA"]
[PlyCount "26"]
[EventDate "2018.08.10"]
[EventType "swiss"]
[EventCountry "ITA"]
[SourceTitle "playchess.com"]
[Source "ChessBase"]
[SourceQuality "1"]

{[%evp 25,26,0,29]} 1. e4 e5 2. Nf3 Nc6 3. Bb5 a6 4. Ba4 Nf6 5. O-O Be7 6. Re1 b5 7. Bb3 d6 8. c3 O-O 9. h3 Bb7 10. d4 Re8 11. Ng5 $146 ({Vorgänger:} 11. a4 Bf8 12. Bg5 h6 13. Bxf6 Qxf6 14. Bd5 Rab8 15. Na3 exd4 16. axb5 axb5 17. cxd4 Nb4 18. Bxb7 Rxb7 19. d5 Na6 {1-0 (80) Sutovsky,E (2647)-Kovalev,V (2650) Poikovsky 2018}) 11... Rf8 12. Nf3 Re8 13. Ng5 Rf8 1/2-1/2

[Event "16th Spilimbergo Open 2018"]
[Site "Spilimbergo"]
[Date "2018.08.15"]
[Round "9.3"]
[White "Jobava, Baadur"]
[Black "Nisipeanu, Liviu-Dieter"]
[Result "0-1"]
[WhiteElo "2646"]
[BlackElo "2657"]
[Annotator "TA"]
[PlyCount "100"]
[EventDate "2018.08.10"]
[EventType "swiss"]
[EventCountry "ITA"]
[SourceTitle "playchess.com"]
[Source "ChessBase"]
[SourceQuality "1"]

{[%evp 19,100,0,0,0,0,0,0,0,5,0,0,0,12,12,25,18,24,22,44,47,79,108,110,35,85,71,77,43,34,0,0,0,73,0,0,0,10,0,10,11,10,11,9,0,0,0,0,0,0,-46,-41,-45,-35,-41,-47,-61,-18,-41,0,-34,0,-145,-158,-156,0,0,0,-1151,-1168,-12841,-12842,-12832,-6403,-5500,-5477,-5477,0,0,0,-2020,-1742,-29996,-928]} 1. d4 d5 2. Bf4 Nf6 3. Nc3 c5 4. e3 cxd4 5. exd4 a6 6. Bd3 {B13: Caro-Kann: Exchange Variation and Panov-Botvinnik Attack} (6. Nf3 Nc6 7. Ne5 Bf5 8. g4 Nxe5 9. gxf5 Nc6 10. Qd3 g6 11. O-O-O Bg7 12. h4 Nb4 13. Qe2 gxf5 {1-0 (38) Aronian,L (2799)-Le,Q (2739) Saint Louis 2017}) 6... Nc6 7. Nge2 Bg4 8. f3 Bh5 9. h4 {[%cal Bh2h4,Bh4h5][%mdl 32]} Bg6 10. g4 e6 {LiveBook: 6 Games} 11. h5 Bxd3 12. Qxd3 h6 13. O-O-O {[#]} Bd6 $146 14. Qe3 Na5 15. b3 Bxf4 16. Nxf4 Rc8 17. Nce2 {Threatens to win with Nxe6!} Qd6 18. Nd3 O-O 19. Kb1 Qa3 {White should prevent ...Rxc2!} 20. c3 $1 {aiming for g5.} Nh7 21. Rd2 (21. f4 $1 $16) 21... Ng5 22. Rc2 Rc6 23. Ne5 Rb6 $1 24. c4 Nxf3 (24... Nxb3 $5 25. Rb2 $8 Nd2+ $1 {[%mdl 512]} 26. Qxd2 Nxf3 $11) 25. Nxf3 dxc4 {[#]} (25... Nxb3 $1 $11 {keeps the balance.} 26. Rb2 Nd2+ 27. Qxd2 Rxb2+ 28. Qxb2 Qxf3) 26. Qc1 ({Better is} 26. Nd2 $1 $16) 26... Qd6 $11 27. Rb2 cxb3 {...Qd5 is the strong threat.} 28. Qc5 bxa2+ 29. Kxa2 Rxb2+ 30. Kxb2 Qd8 31. g5 b6 32. Qc3 $1 Qd7 33. Qd3 {And now gxh6 would win.} Rc8 34. Nc3 Qe7 35. Na2 Nc4+ 36. Ka1 $1 hxg5 {White must now prevent ...g4.} 37. h6 g6 {Hoping for ...g4.} 38. Rg1 Qf6 (38... g4 $5 39. Rxg4 b5 $11) 39. Nc3 Qe7 {( -> ...Qa3+)} (39... g4 $5 40. Rxg4 Nd6 $11) 40. Ne4 (40. Na2 $1 $11 {was the only way to keep the balance.}) 40... Qb4 $17 {[%csl Gc4][%cal Rb4b2]} 41. Rg2 {[#]} g4 $2 (41... Nd6 $1 $17 42. h7+ Kxh7) 42. Nfg5 $1 $11 Nd6 43. Nf6+ $2 {[%mdl 8192]} (43. h7+ $11 Kg7 44. Nxd6 Rc1+ 45. Ka2 Qa4+ 46. Kb2 Qa1+ 47. Kb3 Rb1+ 48. Qxb1 Qxb1+ 49. Rb2 Qd3+ 50. Ka2) 43... Kh8 $19 {Strongly threatening ...Rc1+.} 44. Rg3 Rc1+ 45. Ka2 Qa4+ (45... Qa5+ $142 46. Qa3 Qd2+ 47. Qb2 Rc2 48. Nxf7+ Nxf7) 46. Qa3 Qc2+ 47. Qb2 Qa4+ $2 $40 {[%mdl 128] White needs to defend precisely.} ({Black should try} 47... Qc4+ $19 48. Rb3 Rc2 49. Nxg4 Rxb2+ 50. Kxb2 Qxd4+ 51. Kc2 Qc5+ 52. Kb1 Qxg5) 48. Qa3 $1 $11 {[%cal Ra3a4]} Qc2+ $2 {[%mdl 8192]} (48... Qc4+ $11 49. Rb3 Qc2+ 50. Rb2 Qc4+ 51. Rb3 Qc2+ 52. Rb2 Qc4+ 53. Rb3) 49. Qb2 $19 {and if Qxc2 works, White does fine.} Qc4+ 50. Ka3 Nb5+ {Precision: White = 52%, Black = 50%.} 0-1

[Event "16th Spilimbergo Open 2018"]
[Site "Spilimbergo"]
[Date "2018.08.15"]
[Round "9.4"]
[White "Lodici, Lorenzo"]
[Black "Borisek, Jure"]
[Result "1-0"]
[WhiteElo "2447"]
[BlackElo "2576"]
[Annotator "RC"]
[PlyCount "71"]
[EventDate "2018.08.10"]
[EventType "swiss"]
[EventCountry "ITA"]
[SourceTitle "playchess.com"]
[Source "ChessBase"]
[SourceQuality "1"]
[TimeControl "5400+30"]

1. d4 {[%emt 0:00:30]} d5 {[%emt 0:00:30]} 2. c4 {[%emt 0:00:00]} dxc4 {[%emt 0:00:00]} 3. e4 {[%emt 0:00:00]} e5 {[%emt 0:00:00]} 4. Nf3 {[%emt 0:00:00]} exd4 {[%emt 0:00:30]} 5. Bxc4 {[%emt 0:00:00]} Nc6 {[%emt 0:00:30]} 6. O-O {[%emt 0:00:30]} Be6 {[%emt 0:01:30]} 7. Bxe6 {[%emt 0:00:00]} fxe6 {[%emt 0:00:30]} 8. Qb3 {[%emt 0:00:00]} Qd7 {[%emt 0:00:30]} 9. Qxb7 {[%emt 0:00:00]} Rb8 {[%emt 0:00:00]} 10. Qa6 {[%emt 0:00:00]} Nf6 {[%emt 0:01:00]} 11. Nbd2 {[%emt 0:00:00]} Bd6 {[%emt 0:01:30]} 12. a3 {[%emt 0:02:00]} O-O {[%emt 0:04:30]} 13. b4 {[%emt 0:00:00]} e5 {[%emt 0:11:30]} 14. Ne1 {[%emt 0:05:00]} Ne7 {[%emt 0:15:30]} 15. Nd3 {[%emt 0:10:30]} g5 {[%emt 0:06:30]} 16. Nc4 {[%emt 0:09:30]} Ng6 {[%emt 0:00:30]} 17. f3 {[%emt 0:05:30]} g4 {[%emt 0:01:30]} 18. Bh6 {[%emt 0:03:30]} Rf7 {[%emt 0:00:00]} 19. f4 {[%emt 0:01:30]} Nxe4 {[%emt 0:04:00]} 20. fxe5 {[%emt 0:04:30]} Bf8 {[%emt 0:04:30]} 21. e6 {[%emt 0:05:30]} Rxf1+ {[%emt 0:00:30]} 22. Rxf1 {[%emt 0:00:00]} Qc8 {[%emt 0:01:30]} 23. Qc6 {[%emt 0:01:00]} Bxh6 {[%emt 0:00:30]} 24. Qxe4 {[%emt 0:02:30]} Qa6 {[%emt 0:03:30]} 25. Qd5 {[%emt 0:12:30]} Ne7 {[%emt 0:01:30]} 26. Qxd4 {[%emt 0:01:30]} Qxe6 {[%emt 0:01:30]} 27. Nc5 {[%emt 0:00:30]} Qd5 {[%emt 0:01:30]} 28. Qxg4+ {[%emt 0:01:30]} Kh8 {[%emt 0:00:30]} 29. Qe6 {[%emt 0:00:30]} Rg8 {[%emt 0:01:30]} 30. Qxd5 {[%emt 0:06:30]} Nxd5 {[%emt 0:00:30]} 31. Rf7 {[%emt 0:00:30]} Rg4 {[%emt 0:03:30]} 32. Ne5 {[%emt 0:03:30]} Rd4 {[%emt 0:01:30]} 33. Ne6 {[%emt 0:07:30]} Rd1+ {[%emt 0:06:30]} 34. Kf2 {[%emt 0:00:00]} Rd2+ {[%emt 0:00:30]} 35. Kg3 {[%emt 0:03:12]} Ne3 {[%emt 0:04:30]} 36. Rxc7 {[%emt 0:01:56]} 1-0